[Event "Grand Swiss "]
[Date "2025.09.14"]
[White "Xu, Xiangyu"]
[Black "Gelfand, Boris"]
[WhiteElo "2615"]
[BlackElo "2652"]
[Round "10.10.48"]
[Result "1/2-1/2"]

1. d4 {[%clk 01:40:57] [%emt 00:00:03]} Nf6 {[%clk 01:40:57] [%emt 00:00:04]} 2.
c4 {[%clk 01:41:18] [%emt 00:00:09]} e6 {[%clk 01:41:23] [%emt 00:00:04]} 3. Nc3
{[%clk 01:41:40] [%emt 00:00:07]} Bb4 {[%clk 01:41:50] [%emt 00:00:04]} 4. f3
{[%clk 01:42:04] [%emt 00:00:07]} d5 {[%clk 01:41:34] [%emt 00:00:45]} 5. a3
{[%clk 01:42:21] [%emt 00:00:13]} Be7 {[%clk 01:41:54] [%emt 00:00:10]} 6. e4
{[%clk 01:42:36] [%emt 00:00:15]} dxc4 {[%clk 01:42:13] [%emt 00:00:12]} 7. Bxc4
{[%clk 01:42:56] [%emt 00:00:10]} c5 {[%clk 01:42:39] [%emt 00:00:03]} 8. Nge2
{[%clk 01:43:17] [%emt 00:00:08]} O-O {[%clk 01:42:10] [%emt 00:01:00]} 9. Be3
{[%clk 01:42:44] [%emt 00:01:03]} Nc6 {[%clk 01:41:38] [%emt 00:01:03]} 10. dxc5
{[%clk 01:43:07] [%emt 00:00:07]} Ne5 {[%clk 01:41:56] [%emt 00:00:12]} 11. Ba2
{[%clk 01:43:28] [%emt 00:00:09]} Nd3+ {[%clk 01:42:04] [%emt 00:00:23]} 12. Kf1
{[%clk 01:43:50] [%emt 00:00:08]} b6 {[%clk 01:42:21] [%emt 00:00:13]} 13. c6
{[%clk 01:44:06] [%emt 00:00:13]} Bc5 {[%clk 01:41:23] [%emt 00:01:28]} 14. Qd2
{[%clk 00:46:41] [%emt 00:57:55]} Ne5 {[%clk 01:37:18] [%emt 00:04:35]} 15. Qxd8
{[%clk 00:37:00] [%emt 00:10:11]} Rxd8 {[%clk 01:36:50] [%emt 00:00:57]} 16.
Bxc5 {[%clk 00:37:27] [%emt 00:00:03]} bxc5 {[%clk 01:37:15] [%emt 00:00:06]}
17. Na4 {[%clk 00:37:54] [%emt 00:00:03]} Nxc6 {[%clk 01:35:17] [%emt 00:02:28]}
18. Kf2 {[%clk 00:36:08] [%emt 00:02:16]} Nd7 {[%clk 01:25:24] [%emt 00:10:23]}
19. Rhd1 {[%clk 00:36:31] [%emt 00:00:06]} Ba6 {[%clk 01:07:18] [%emt 00:18:37]}
20. Rd6 {[%clk 00:29:37] [%emt 00:07:23]} Bxe2 {[%clk 00:59:17] [%emt 00:08:31]}
21. Kxe2 {[%clk 00:30:01] [%emt 00:00:05]} Nd4+ {[%clk 00:59:39] [%emt
00:00:07]} 22. Kf2 {[%clk 00:30:11] [%emt 00:00:20]} Nb6 {[%clk 00:59:23] [%emt
00:00:47]} 23. Nxb6 {[%clk 00:15:47] [%emt 00:14:54]} axb6 {[%clk 00:59:35]
[%emt 00:00:18]} 24. Rxb6 {[%clk 00:16:14] [%emt 00:00:03]} Nc2 {[%clk 00:59:52]
[%emt 00:00:13]} 25. Rf1 {[%clk 00:16:39] [%emt 00:00:05]} Rd2+ {[%clk 00:47:18]
[%emt 00:13:04]} 26. Kg3 {[%clk 00:17:05] [%emt 00:00:04]} h5 {[%clk 00:47:37]
[%emt 00:00:11]} 27. h4 {[%clk 00:17:28] [%emt 00:00:06]} Rad8 {[%clk 00:46:35]
[%emt 00:01:32]} 28. a4 {[%clk 00:17:49] [%emt 00:00:10]} Ra8 {[%clk 00:38:57]
[%emt 00:08:08]} 29. Bb3 {[%clk 00:11:57] [%emt 00:06:21]} Nb4 {[%clk 00:32:44]
[%emt 00:06:44]} 30. Rb1 {[%clk 00:10:07] [%emt 00:02:19]} Nd3 {[%clk 00:31:30]
[%emt 00:01:44]} 31. Rd1 {[%clk 00:05:49] [%emt 00:04:48]} Rxb2 {[%clk 00:30:59]
[%emt 00:01:01]} 32. Rb5 {[%clk 00:02:51] [%emt 00:03:28]} Ne5 {[%clk 00:18:12]
[%emt 00:13:17]} 33. Rxc5 {[%clk 00:02:59] [%emt 00:00:22]} Nxf3 {[%clk
00:14:06] [%emt 00:04:37]} 34. Bxe6 {[%clk 00:02:20] [%emt 00:01:08]} Nd2 {[%clk
00:13:50] [%emt 00:00:46]} 35. Rc8+ {[%clk 00:00:37] [%emt 00:02:14]} Rxc8
{[%clk 00:13:58] [%emt 00:00:21]} 36. Bxc8 {[%clk 00:01:04] [%emt 00:00:03]}
Nxe4+ {[%clk 00:13:43] [%emt 00:00:45]} 37. Kh2 {[%clk 00:01:13] [%emt
00:00:20]} Nc5 {[%clk 00:11:00] [%emt 00:03:14]} 38. Ra1 {[%clk 00:00:35] [%emt
00:01:09]} Rb4 {[%clk 00:08:52] [%emt 00:02:38]} 39. a5 {[%clk 00:01:01] [%emt
00:00:04]} Rxh4+ {[%clk 00:09:09] [%emt 00:00:14]} 40. Kg1 {[%clk 00:01:21]
[%emt 00:00:08]} Re4 {[%clk 00:07:16] [%emt 00:02:23]} 41. a6 {[%clk 00:00:57]
[%emt 00:00:54]} 1/2-1/2

[Site "Europe Echecs"]

[Event "Grand Swiss "]
[Date "2025.09.14"]
[White "Bacrot, Etienne"]
[Black "Matlakov, Maxim"]
[WhiteElo "2637"]
[BlackElo "2609"]
[Round "10.10.49"]
[Result "1/2-1/2"]

1. d4 {[%clk 01:40:57] [%emt 00:00:02]} Nf6 {[%clk 01:40:41] [%emt 00:00:20]} 2.
c4 {[%clk 01:41:21] [%emt 00:00:06]} e6 {[%clk 01:41:04] [%emt 00:00:07]} 3. Nf3
{[%clk 01:41:44] [%emt 00:00:07]} b6 {[%clk 01:39:44] [%emt 00:01:50]} 4. g3
{[%clk 01:42:06] [%emt 00:00:07]} Bb7 {[%clk 01:40:07] [%emt 00:00:07]} 5. Bg2
{[%clk 01:42:29] [%emt 00:00:06]} Be7 {[%clk 01:40:31] [%emt 00:00:07]} 6. O-O
{[%clk 01:42:01] [%emt 00:00:57]} O-O {[%clk 01:40:49] [%emt 00:00:13]} 7. Re1
{[%clk 01:42:27] [%emt 00:00:04]} Ne4 {[%clk 01:40:23] [%emt 00:00:56]} 8. Nfd2
{[%clk 01:40:32] [%emt 00:02:25]} d5 {[%clk 01:40:29] [%emt 00:00:24]} 9. Nc3
{[%clk 01:35:27] [%emt 00:05:35]} f5 {[%clk 01:38:53] [%emt 00:02:06]} 10. cxd5
{[%clk 01:35:50] [%emt 00:00:07]} exd5 {[%clk 01:39:14] [%emt 00:00:09]} 11.
Ndxe4 {[%clk 01:36:14] [%emt 00:00:05]} dxe4 {[%clk 01:39:37] [%emt 00:00:08]}
12. Bf4 {[%clk 01:36:40] [%emt 00:00:04]} Nc6 {[%clk 01:32:57] [%emt 00:07:10]}
13. Nb5 {[%clk 01:23:40] [%emt 00:13:30]} g5 {[%clk 01:28:13] [%emt 00:05:14]}
14. Bxc7 {[%clk 01:21:01] [%emt 00:03:09]} Qd5 {[%clk 01:28:36] [%emt 00:00:07]}
15. Qb3 {[%clk 01:15:58] [%emt 00:05:33]} Qxb3 {[%clk 01:21:26] [%emt 00:07:39]}
16. axb3 {[%clk 01:16:01] [%emt 00:00:27]} Na5 {[%clk 01:08:47] [%emt 00:13:10]}
17. Bd6 {[%clk 01:03:35] [%emt 00:12:56]} Bxd6 {[%clk 00:58:22] [%emt 00:10:55]}
18. Nxd6 {[%clk 01:03:32] [%emt 00:00:32]} Bd5 {[%clk 00:57:13] [%emt 00:01:40]}
19. g4 {[%clk 00:45:39] [%emt 00:18:23]} Nxb3 {[%clk 00:53:36] [%emt 00:04:07]}
20. Ra4 {[%clk 00:46:03] [%emt 00:00:06]} fxg4 {[%clk 00:51:01] [%emt 00:03:04]}
21. Nxe4 {[%clk 00:45:48] [%emt 00:00:45]} Rad8 {[%clk 00:39:02] [%emt
00:12:29]} 22. Rxa7 {[%clk 00:31:08] [%emt 00:15:10]} Nxd4 {[%clk 00:38:00]
[%emt 00:01:32]} 23. Nxg5 {[%clk 00:31:22] [%emt 00:00:16]} h6 {[%clk 00:29:06]
[%emt 00:09:25]} 24. Ne4 {[%clk 00:25:30] [%emt 00:06:21]} Bxe4 {[%clk 00:28:14]
[%emt 00:01:23]} 25. Bxe4 {[%clk 00:25:55] [%emt 00:00:04]} Rfe8 {[%clk
00:28:30] [%emt 00:00:15]} 26. Bh7+ {[%clk 00:25:36] [%emt 00:00:48]} Kh8 {[%clk
00:28:53] [%emt 00:00:09]} 27. Kf1 {[%clk 00:25:44] [%emt 00:00:20]} Nb5 {[%clk
00:28:59] [%emt 00:00:24]} 28. Rb7 {[%clk 00:25:53] [%emt 00:00:21]} Nd6 {[%clk
00:29:25] [%emt 00:00:05]} 29. Ra7 {[%clk 00:25:50] [%emt 00:00:32]} Nb5 {[%clk
00:29:52] [%emt 00:00:04]} 30. Rb7 {[%clk 00:26:16] [%emt 00:00:04]} Nd6 {[%clk
00:30:19] [%emt 00:00:03]} 31. Ra7 {[%emt 00:00:04]} 1/2-1/2

[Site "Europe Echecs"]

[Event "Grand Swiss "]
[Date "2025.09.14"]
[White "Muradli, Mahammad"]
[Black "Amin, Bassem"]
[WhiteElo "2590"]
[BlackElo "2636"]
[Round "10.10.50"]
[Result "1/2-1/2"]

1. d4 {[%clk 01:40:20] [%emt 00:00:40]} Nf6 {[%clk 01:40:13] [%emt 00:00:45]} 2.
c4 {[%clk 01:40:44] [%emt 00:00:09]} e6 {[%clk 01:40:30] [%emt 00:00:13]} 3. Nf3
{[%clk 01:40:53] [%emt 00:00:20]} Bb4+ {[%clk 01:40:53] [%emt 00:00:07]} 4. Bd2
{[%clk 01:41:11] [%emt 00:00:11]} c5 {[%clk 01:41:18] [%emt 00:00:06]} 5. Bxb4
{[%clk 01:25:10] [%emt 00:16:31]} cxb4 {[%clk 01:41:24] [%emt 00:00:24]} 6. g3
{[%clk 01:24:27] [%emt 00:01:13]} b6 {[%clk 01:41:39] [%emt 00:00:16]} 7. a3
{[%clk 01:24:36] [%emt 00:00:21]} bxa3 {[%clk 01:41:53] [%emt 00:00:16]} 8. Rxa3
{[%clk 01:24:21] [%emt 00:00:45]} Bb7 {[%clk 01:41:27] [%emt 00:00:56]} 9. Bg2
{[%clk 01:24:28] [%emt 00:00:22]} a5 {[%clk 01:37:51] [%emt 00:04:06]} 10. O-O
{[%clk 01:19:25] [%emt 00:05:33]} Na6 {[%clk 01:37:53] [%emt 00:00:29]} 11. Nbd2
{[%clk 01:06:49] [%emt 00:13:06]} O-O {[%clk 01:37:40] [%emt 00:00:42]} 12. Qb1
{[%clk 01:07:03] [%emt 00:00:16]} Nb4 {[%clk 01:33:45] [%emt 00:04:25]} 13. e4
{[%clk 01:05:33] [%emt 00:02:00]} d5 {[%clk 01:33:54] [%emt 00:00:21]} 14. cxd5
{[%clk 00:51:28] [%emt 00:14:35]} exd5 {[%clk 01:34:02] [%emt 00:00:22]} 15. e5
{[%clk 00:51:57] [%emt 00:00:01]} Ne4 {[%clk 01:34:21] [%emt 00:00:11]} 16. Rd1
{[%clk 00:51:57] [%emt 00:00:29]} Rc8 {[%clk 01:18:32] [%emt 00:16:20]} 17. Ne1
{[%clk 00:49:16] [%emt 00:03:11]} f5 {[%clk 01:01:16] [%emt 00:17:46]} 18. f3
{[%clk 00:48:33] [%emt 00:01:13]} Ng5 {[%clk 01:01:32] [%emt 00:00:14]} 19. Rc3
{[%clk 00:47:58] [%emt 00:01:05]} Ne6 {[%clk 01:01:31] [%emt 00:00:31]} 20. Nf1
{[%clk 00:43:51] [%emt 00:04:37]} Rc4 {[%clk 00:57:22] [%emt 00:04:39]} 21. Nc2
{[%clk 00:34:53] [%emt 00:09:28]} f4 {[%clk 00:56:48] [%emt 00:01:04]} 22. Na3
{[%clk 00:21:20] [%emt 00:14:03]} fxg3 {[%clk 00:46:18] [%emt 00:11:01]} 23.
hxg3 {[%clk 00:18:32] [%emt 00:03:18]} Rxd4 {[%clk 00:46:17] [%emt 00:00:31]}
24. Bh3 {[%clk 00:19:01] [%emt 00:00:01]} Nf4 {[%clk 00:45:09] [%emt 00:01:38]}
25. gxf4 {[%clk 00:17:17] [%emt 00:02:14]} Rdxf4 {[%clk 00:45:32] [%emt
00:00:07]} 26. Rd2 {[%clk 00:11:52] [%emt 00:05:55]} d4 {[%clk 00:41:38] [%emt
00:04:24]} 27. Nh2 {[%clk 00:07:36] [%emt 00:04:47]} Qg5+ {[%clk 00:35:44] [%emt
00:06:23]} 28. Rg2 {[%clk 00:08:02] [%emt 00:00:04]} Qxe5 {[%clk 00:36:06] [%emt
00:00:07]} 29. Nc4 {[%clk 00:06:11] [%emt 00:02:21]} Qc5 {[%clk 00:27:39] [%emt
00:08:56]} 30. Rc1 {[%clk 00:06:39] [%emt 00:00:04]} d3+ {[%clk 00:23:03] [%emt
00:05:05]} 31. Kh1 {[%clk 00:07:08] [%emt 00:00:01]} Qh5 {[%clk 00:14:53] [%emt
00:08:40]} 32. Be6+ {[%clk 00:06:50] [%emt 00:00:48]} Kh8 {[%clk 00:15:22] [%emt
00:00:01]} 33. Nd2 {[%clk 00:06:48] [%emt 00:00:32]} Qh6 {[%clk 00:10:36] [%emt
00:05:16]} 34. Bb3 {[%clk 00:01:46] [%emt 00:05:32]} Rxf3 {[%clk 00:02:33] [%emt
00:08:34]} 35. Ndxf3 {[%clk 00:01:30] [%emt 00:00:45]} Bxf3 {[%clk 00:03:02]
[%emt 00:00:01]} 36. Rcg1 {[%clk 00:01:43] [%emt 00:00:17]} Bxg2+ {[%clk
00:02:25] [%emt 00:01:07]} 37. Rxg2 {[%clk 00:01:57] [%emt 00:00:16]} d2 {[%clk
00:00:39] [%emt 00:02:17]} 38. Qe4 {[%clk 00:00:45] [%emt 00:01:42]} Qd6 {[%clk
00:00:38] [%emt 00:00:30]} 39. Bd1 {[%clk 00:00:33] [%emt 00:00:42]} Nd3 {[%clk
00:00:48] [%emt 00:00:20]} 40. Qe3 {[%clk 00:00:36] [%emt 00:00:27]} Nxb2 {[%clk
00:00:48] [%emt 00:00:31]} 41. Qc3 {[%clk 00:39:51] [%emt 00:11:15]} Qf6 {[%clk
00:47:03] [%emt 00:04:13]} 42. Qxf6 {[%clk 00:36:25] [%emt 00:03:57]} gxf6
{[%clk 00:44:38] [%emt 00:02:55]} 43. Rxd2 {[%clk 00:36:51] [%emt 00:00:04]}
Nxd1 {[%clk 00:44:59] [%emt 00:00:09]} 44. Rxd1 {[%clk 00:37:17] [%emt
00:00:05]} f5 {[%clk 00:38:48] [%emt 00:06:40]} 45. Nf3 {[%clk 00:25:21] [%emt
00:12:26]} a4 {[%clk 00:35:53] [%emt 00:03:25]} 46. Rb1 {[%clk 00:18:58] [%emt
00:06:53]} Rb8 {[%clk 00:35:36] [%emt 00:00:47]} 47. Nd4 {[%clk 00:19:01] [%emt
00:00:27]} a3 {[%clk 00:35:21] [%emt 00:00:46]} 48. Nc2 {[%clk 00:05:23] [%emt
00:14:07]} a2 {[%clk 00:35:20] [%emt 00:00:31]} 49. Rb2 {[%clk 00:05:51]} Ra8
{[%clk 00:35:26] [%emt 00:00:25]} 50. Kg2 {[%clk 00:06:11] [%emt 00:00:08]} Kg7
{[%clk 00:32:36] [%emt 00:03:22]} 51. Na1 {[%clk 00:04:27] [%emt 00:02:15]} Ra6
{[%clk 00:29:05] [%emt 00:04:00]} 52. Kg3 {[%clk 00:04:55] [%emt 00:00:02]} Kf6
{[%clk 00:24:48] [%emt 00:04:47]} 53. Rb5 {[%clk 00:01:27] [%emt 00:03:58]} Kg5
{[%clk 00:24:13] [%emt 00:01:05]} 54. Rb2 {[%clk 00:01:17] [%emt 00:00:36]} h5
{[%clk 00:23:50] [%emt 00:00:57]} 55. Rb3 {[%clk 00:01:46]} Kf6 {[%clk 00:14:43]
[%emt 00:09:37]} 56. Rb5 {[%clk 00:01:42] [%emt 00:00:36]} Ke6 {[%clk 00:14:50]
[%emt 00:00:23]} 57. Kh4 {[%clk 00:01:22] [%emt 00:00:49]} f4 {[%clk 00:15:04]
[%emt 00:00:16]} 58. Kxh5 {[%clk 00:00:34] [%emt 00:01:19]} f3 {[%clk 00:13:12]
[%emt 00:02:21]} 59. Rb3 {[%clk 00:00:36] [%emt 00:00:28]} Kd5 {[%clk 00:08:22]
[%emt 00:05:20]} 60. Rxf3 {[%clk 00:00:46] [%emt 00:00:20]} b5 {[%clk 00:08:44]
[%emt 00:00:08]} 61. Rf2 {[%clk 00:08:05] [%emt 00:08:11]} b4 {[%clk 00:22:42]
[%emt 00:01:32]} 62. Rd2+ {[%clk 00:04:56] [%emt 00:03:39]} Kc4 {[%clk 00:22:57]
[%emt 00:00:13]} 63. Rc2+ {[%clk 00:05:24] [%emt 00:00:04]} Kb5 {[%clk 00:16:53]
[%emt 00:06:33]} 64. Kg5 {[%clk 00:05:26] [%emt 00:00:28]} b3 {[%clk 00:11:17]
[%emt 00:06:07]} 65. Nxb3 {[%clk 00:05:34] [%emt 00:00:22]} Kb4 {[%clk 00:11:42]
[%emt 00:00:05]} 66. Na1 {[%clk 00:05:25] [%emt 00:00:39]} Ka3 {[%clk 00:11:58]
[%emt 00:00:14]} 67. Rxa2+ {[%clk 00:03:33] [%emt 00:02:22]} Kxa2 {[%clk
00:12:25] [%emt 00:00:03]} 68. Nc2 {[%clk 00:04:01] [%emt 00:00:03]} Kb3 {[%clk
00:12:23] [%emt 00:00:31]} 69. Ne3 {[%clk 00:04:24] [%emt 00:00:06]} Kc3 {[%clk
00:12:46] [%emt 00:00:07]} 70. Nf5 {[%clk 00:04:50] [%emt 00:00:05]} Kd3 {[%clk
00:13:03] [%emt 00:00:13]} 71. Kf4 {[%clk 00:05:13] [%emt 00:00:07]} Re6 {[%clk
00:13:25] [%emt 00:00:06]} 72. Ng3 {[%clk 00:05:31] [%emt 00:00:13]} Re8 {[%clk
00:11:39] [%emt 00:02:18]} 73. Nf5 {[%clk 00:05:55] [%emt 00:00:06]} Re4+ {[%clk
00:12:01] [%emt 00:00:07]} 74. Kf3 {[%clk 00:06:20] [%emt 00:00:05]} Ra4 {[%clk
00:12:20] [%emt 00:00:12]} 75. Ng3 {[%clk 00:06:45] [%emt 00:00:04]} Kd4 {[%clk
00:12:28] [%emt 00:00:22]} 76. Kf4 {[%clk 00:06:53] [%emt 00:00:22]} Kd5+ {[%clk
00:12:51] [%emt 00:00:07]} 77. Kf5 {[%clk 00:07:18] [%emt 00:00:05]} Rb4 {[%clk
00:12:51] [%emt 00:00:30]} 78. Ne2 {[%clk 00:07:41] [%emt 00:00:07]} Kd6 {[%clk
00:12:10] [%emt 00:01:11]} 79. Nf4 {[%clk 00:08:06] [%emt 00:00:05]} Rxf4+
{[%clk 00:12:07] [%emt 00:00:34]} 80. Kxf4 {[%clk 00:08:34] [%emt 00:00:02]}
1/2-1/2

[Site "Europe Echecs"]

[Event "Grand Swiss "]
[Date "2025.09.14"]
[White "Madaminov, Mukhiddin"]
[Black "Svane, Rasmus"]
[WhiteElo "2560"]
[BlackElo "2620"]
[Round "10.10.51"]
[Result "1/2-1/2"]

1. e4 {[%clk 01:40:55] [%emt 00:00:03]} e5 {[%clk 01:40:57] [%emt 00:00:04]} 2.
Nf3 {[%clk 01:41:15] [%emt 00:00:09]} Nc6 {[%clk 01:41:24] [%emt 00:00:04]} 3.
Bb5 {[%clk 01:41:34] [%emt 00:00:10]} Nf6 {[%clk 01:41:27] [%emt 00:00:27]} 4.
d3 {[%clk 01:41:58] [%emt 00:00:06]} Bc5 {[%clk 01:41:50] [%emt 00:00:08]} 5.
O-O {[%clk 01:42:19] [%emt 00:00:08]} Nd4 {[%clk 01:40:04] [%emt 00:02:17]} 6.
Nxd4 {[%clk 01:42:30] [%emt 00:00:18]} Bxd4 {[%clk 01:40:31] [%emt 00:00:04]} 7.
c3 {[%clk 01:42:49] [%emt 00:00:10]} Bb6 {[%clk 01:40:57] [%emt 00:00:04]} 8.
Ba4 {[%clk 01:43:13] [%emt 00:00:06]} c6 {[%clk 01:38:21] [%emt 00:03:07]} 9.
Na3 {[%clk 01:43:10] [%emt 00:00:33]} d6 {[%clk 01:36:40] [%emt 00:02:11]} 10.
Bc2 {[%clk 01:41:20] [%emt 00:02:20]} O-O {[%clk 01:05:10] [%emt 00:31:59]} 11.
Bg5 {[%clk 01:41:06] [%emt 00:00:44]} h6 {[%clk 00:59:09] [%emt 00:06:32]} 12.
Bh4 {[%clk 01:41:25] [%emt 00:00:11]} g5 {[%clk 00:56:54] [%emt 00:02:45]} 13.
Bg3 {[%clk 01:41:45] [%emt 00:00:09]} Bg4 {[%clk 00:56:47] [%emt 00:00:38]} 14.
Qd2 {[%clk 01:38:05] [%emt 00:04:09]} Nh5 {[%clk 00:57:14] [%emt 00:00:04]} 15.
d4 {[%clk 01:33:28] [%emt 00:05:05]} Qf6 {[%clk 00:44:57] [%emt 00:12:49]} 16.
Bd1 {[%clk 01:31:21] [%emt 00:02:36]} Bxd1 {[%clk 00:44:03] [%emt 00:01:25]} 17.
Raxd1 {[%clk 01:30:56] [%emt 00:00:54]} exd4 {[%clk 00:41:27] [%emt 00:03:07]}
18. cxd4 {[%clk 01:31:02] [%emt 00:00:23]} Qg6 {[%clk 00:30:25] [%emt 00:11:32]}
19. Nc4 {[%clk 01:29:17] [%emt 00:02:16]} Nxg3 {[%clk 00:28:57] [%emt 00:01:58]}
20. hxg3 {[%clk 01:27:22] [%emt 00:02:23]} Qxe4 {[%clk 00:28:46] [%emt
00:00:42]} 21. Nxd6 {[%clk 01:27:31] [%emt 00:00:21]} Qd5 {[%clk 00:27:35] [%emt
00:01:41]} 22. Nxb7 {[%clk 01:25:30] [%emt 00:02:31]} Qxa2 {[%clk 00:24:59]
[%emt 00:03:06]} 23. Rfe1 {[%clk 01:23:02] [%emt 00:02:58]} Rab8 {[%clk
00:19:25] [%emt 00:06:04]} 24. Re7 {[%clk 01:22:22] [%emt 00:01:10]} Qd5 {[%clk
00:17:00] [%emt 00:02:54]} 25. Re5 {[%clk 01:18:13] [%emt 00:04:40]} Qxd4 {[%clk
00:14:04] [%emt 00:03:26]} 26. Qxd4 {[%clk 01:18:04] [%emt 00:00:38]} Bxd4
{[%clk 00:14:30] [%emt 00:00:05]} 27. Rxd4 {[%clk 01:18:22] [%emt 00:00:11]}
Rxb7 {[%clk 00:14:57] [%emt 00:00:03]} 28. Rd6 {[%clk 01:18:46] [%emt 00:00:07]}
Rxb2 {[%clk 00:11:46] [%emt 00:03:41]} 29. Rxc6 {[%clk 01:14:53] [%emt
00:04:23]} Kg7 {[%clk 00:09:12] [%emt 00:03:03]} 30. Rc7 {[%clk 01:14:12] [%emt
00:01:11]} Ra2 {[%clk 00:08:35] [%emt 00:01:07]} 31. Ree7 {[%clk 01:13:52] [%emt
00:00:50]} a5 {[%clk 00:08:48] [%emt 00:00:18]} 32. Ra7 {[%clk 01:14:10] [%emt
00:00:12]} Kg6 {[%clk 00:05:43] [%emt 00:03:35]} 33. g4 {[%clk 01:14:34] [%emt
00:00:05]} Ra4 {[%clk 00:04:25] [%emt 00:01:48]} 34. f3 {[%clk 01:14:20] [%emt
00:00:44]} Ra2 {[%clk 00:03:37] [%emt 00:01:19]} 35. Re5 {[%clk 01:13:59] [%emt
00:00:43]} a4 {[%clk 00:03:41] [%emt 00:00:33]} 36. Rea5 {[%clk 01:13:51] [%emt
00:00:38]} Re8 {[%clk 00:03:23] [%emt 00:00:48]} 37. Rxa4 {[%clk 01:14:13] [%emt
00:00:09]} Rxa4 {[%clk 00:03:48] [%emt 00:00:05]} 1/2-1/2

[Site "Europe Echecs"]